00545nam a2200169Ia 4500003000900000005001700009008004100026040003100067040001300098041000800111100002300119100000800142245014000150260004800290300001700338500002000355IT-RoPAU20220918175922.0120407s9999 xx 000 0 und d aIT-RoPAUc20140514155229.0 cIT-RoPAU aita aCesarato M. Regina csr. aDimensione sacerdotale dell’apostolato Eucaristico-Sacerdotale-Liturgico. bRelazione del 10 aprile 1987- IV Cap. Gen. Ariccia 1987 c1987aAricciabCasa Generalizia PDDM - CSCM a69 p.c30 cm aUso manoscritto